Análisis de la conducta (Registro nro. 10785)

000 -CABECERA
Campo de control de longitud fija 01626nam a22003137a 4500
003 - IDENTIFICADOR DEL NÚMERO DE CONTROL
Campo de control OSt
005 - FECHA Y HORA DE LA ÚLTIMA TRANSACCIÓN
Campo de control 20260327135354.0
008 - CÓDIGOS DE INFORMACIÓN DE LONGITUD FIJA
Campo de control de longitud fija 260326t1976 xxu||||| |||| 00| 0 spa d
020 ## - NÚMERO INTERNACIONAL NORMALIZADO PARA LIBROS (ISBN)
Número Internacional Normalizado para Libros (ISBN) 9789682439384
040 ## - FUENTE DE LA CATALOGACIÓN
Centro catalogador de origen Unicoc
Lengua de catalogación spa
Centro que cataloga Bogotá (Dr. David Ordóñez Rueda) - Campus Norte
Centro modificador Bogotá (Dr. David Ordóñez Rueda) - Campus Norte
082 ## - NÚMERO DE LA CLASIFICACIÓN DECIMAL DEWEY
Número de clasificación 156
100 ## - PUNTO DE ACCESO PRINCIPAL - NOMBRE DE PERSONA
9 (RLIN) 12797
Nombre de persona Holland, J. G.
245 ## - MENCIÓN DE TÍTULO
Título Análisis de la conducta
Mención de responsabilidad etc. / J.G. Holland y B.F. Skinner.
250 ## - MENCIÓN DE EDICIÓN
Mención de edición 1 Ed.
260 ## - PUBLICATION, DISTRIBUTION, ETC. (IMPRINT)
Lugar de publicación distribución etc. México :
Nombre del editor distribuidor etc. Trillas ,
Fecha de publicación distribución etc. 1976
300 ## - DESCRIPCIÓN FÍSICA
Extensión 400 páginas
440 ## - MENCIÓN DE SERIE
9 (RLIN) 4685
Título Biblioteca Técnica de Psicología
505 ## - NOTA DE CONTENIDO CON FORMATO
Título Parte 1 Conducta refleja. --
-- Parte 2 Condicionamiento operante: conceptos elementales. --
-- Parte 3 Condicionamiento operante: contingencias precisas. --
-- Parte 4 Moldeamiento. --
-- Parte 5 Reforzamiento intermitente. --
-- Parte 6 Control de Estímulos. --
-- Parte 7 Privación. --
-- Parte 8 Emoción I. --
-- Parte 9 Conductas de evitación y escape. --
-- Parte 10 Emoción II. --
-- Parte 11 Castigo. --
-- Parte 12 Análisis científico e interpretación de casos complejos. --
-- Parte 13 Autocontrol. --
-- Parte 14 Interpretación de la personalidad.
526 ## - NOTA DE INFORMACIÓN SOBRE EL PROGRAMA DE ESTUDIO
Institución que aplica el campo Unicoc
546 ## - NOTA DE LENGUA
Nota de lengua Español
650 #0 - PUNTO DE ACCESO ADICIONAL DE MATERIA - TÉRMINO DE MATERIA
9 (RLIN) 12798
Término de materia o nombre geográfico como elemento inicial Análisis de la conducta
650 #0 - PUNTO DE ACCESO ADICIONAL DE MATERIA - TÉRMINO DE MATERIA
9 (RLIN) 7815
Término de materia o nombre geográfico como elemento inicial Conductismo (Psicología)
650 #0 - PUNTO DE ACCESO ADICIONAL DE MATERIA - TÉRMINO DE MATERIA
9 (RLIN) 12799
Término de materia o nombre geográfico como elemento inicial Condicionamiento operante
650 #0 - PUNTO DE ACCESO ADICIONAL DE MATERIA - TÉRMINO DE MATERIA
9 (RLIN) 7821
Término de materia o nombre geográfico como elemento inicial Emociones
658 #0 - TÉRMINO DE INDIZACIÓN - OBJETIVO CURRICULAR
9 (RLIN) 10741
Programa Académico Programa de Psicología
700 ## - PUNTO DE ACCESO ADICIONAL - NOMBRE DE PERSONA
9 (RLIN) 12755
Nombre de persona Skinner, Burrhus Frederic
856 ## - LOCALIZACIÓN Y ACCESO ELECTRÓNICOS
Identificador Uniforme del Recurso (URI) https://unicoceduco-my.sharepoint.com/:b:/g/personal/direccionbiblioteca_unicoc_edu_co/IQAZzMTUcod1Rp-xHJdXcT3SAbabPfegyiCpY6VSF4Q_dms
Texto del enlace Acceso online exclusivo para comunidad Unicoc.
942 ## - ENTRADA PARA ELEMENTOS AGREGADOS (KOHA)
Fuente de clasificación o esquema de ordenación en estanterías
Koha [por defecto] tipo de item Libro electrónico
Existencias
Localización actual Estado de pérdida Estropeado Precio Tipo de item de Koha No para préstamo Fecha del precio de reemplazo Fuente de adquisición Fuente de clasificación o esquema de ordenación en estanterías Código de barras Código de colección Fecha de adquisición Fecha última consulta Signatura completa Localización permanente
Bogotá (Dr. David Ordóñez Rueda) - Campus Norte  200000.00Libro electrónico 2026-03-26Compra Ebook10785Coleccion Online2026-03-262026-03-26156Bogotá (Dr. David Ordóñez Rueda) - Campus Norte

© 2014 UNICOC | Institución Universitaria Colegios de Colombia - UNICOC
Bogotá D.C. Autopista Norte Km. 20. Teléfono:(571)6683535
Cali: Calle 13 Norte No. 3N-13. Teléfono: (572)6608887

Con tecnología de Koha